Eastern Utah Libraries Catalog: Duchesne, Heber, Roosevelt, & Vernal

Term limits / (Record no. 282860)

MARC details
000 -LEADER
fixed length control field 00854pam a2200277 i 4500
001 - CONTROL NUMBER
control field ocm62361257
003 - CONTROL NUMBER IDENTIFIER
control field OCoLC
005 - DATE AND TIME OF LATEST TRANSACTION
control field 20240222053835.0
008 - FIXED-LENGTH DATA ELEMENTS--GENERAL INFORMATION
fixed length control field 221213s2023 mau 000 1 eng d
020 ## - INTERNATIONAL STANDARD BOOK NUMBER
International Standard Book Number 9780671023171
040 ## - CATALOGING SOURCE
Original cataloging agency JSZ
Language of cataloging eng
Transcribing agency JSZ
Modifying agency BAKER
-- MRQ
-- OCLCQ
-- WACOL
Description conventions rda
082 ## - DEWEY DECIMAL CLASSIFICATION NUMBER
Edition number F Flynn
092 ## - LOCALLY ASSIGNED DEWEY CALL NUMBER (OCLC)
Classification number F Flynn
100 1# - MAIN ENTRY--PERSONAL NAME
Personal name Flynn, Vince, 1966-2013,
9 (RLIN) 5693672
245 10 - TITLE STATEMENT
Title Term limits /
Statement of responsibility, etc Vince Flynn.
260 ## - PUBLICATION, DISTRIBUTION, ETC. (IMPRINT)
Place of publication, distribution, etc New York :
Name of publisher, distributor, etc Pocket Books,
Date of publication, distribution, etc 2005, c1997.
264 ## - Production, Publication, Distribution, Manufacture, and Copyright Notice.
Place of production, publication, distribution, manufacture New York, NY :
Name of producer, publisher, distributor, manufacturer Pocket Books,
Date of production, publication, distribution, manufacture, or copyr 2005
300 ## - PHYSICAL DESCRIPTION
Extent viii, 612 p. ;
Dimensions 21 cm.
336 ## - Content Type
Content type term text
337 ## - Media type
Media type term unmediated
338 ## - Carrier type
Carrier type term volume
650 #0 - SUBJECT ADDED ENTRY--TOPICAL TERM
Topical term or geographic name as entry element Politicians
Form subdivision Fiction.
9 (RLIN) 5688461
650 #0 - SUBJECT ADDED ENTRY--TOPICAL TERM
Topical term or geographic name as entry element Assassination
Form subdivision Fiction.
9 (RLIN) 5711461
651 #0 - SUBJECT ADDED ENTRY--GEOGRAPHIC NAME
Geographic name Washington (D.C.)
Form subdivision Fiction.
9 (RLIN) 5673683
942 ## - ADDED ENTRY ELEMENTS (KOHA)
Koha item type BOOK
Source of classification or shelving scheme Dewey Decimal Classification
Holdings
Withdrawn status Lost status Source of classification or shelving scheme Damaged status Not for loan Collection code Home library Current library Shelving location Date acquired Source of acquisition Cost, normal purchase price Total Checkouts Total Renewals Full call number Barcode Date last seen Date checked out Cost, replacement price Price effective from Koha item type
    Dewey Decimal Classification     Fiction Wasatch County Library Wasatch County Library First Floor 07/18/2017 Amazon 25.00 18 9 F Flynn 34301001528381 01/22/2026 01/02/2026 25.00 03/20/2020 BOOK
This project was made possible through a grant from the Institute of Museum and Library Service administered by the Utah State Library Division.

Wasatch County Library

  • 465 East 1200 South, Heber City, Utah 84032
  • Phone 435-654-1511 | Fax 435-654-6456

Hours

  • Monday - Friday 9:30 AM - 8:00 PM
  • Saturday 9:30 AM - 1:30 PM
  • Closed Sundays and Holidays